[Event "V Open Basso Veronese"]
[Site "Casaleone ITA"]
[Date "2012.05.??"]
[Round "1"]
[White "Adami, Alessandro"]
[Black "Faccia, Sergio"]
[Result "0-1"]
[WhiteElo "1741"]
[BlackElo "2024"]
[PlyCount "66"]
[EventDate "2012.05.19"]

1. e4 e5 2. d4 exd4 3. Qxd4 Nc6 4. Qe3 Nf6 5. Nc3 Bb4 6. Bd2 O-O 7. O-O-O Re8
8. Bc4 d6 9. h3 Bxc3 10. Bxc3 Nxe4 11. Qf4 Qd7 12. Nf3 Nxc3 13. bxc3 Qf5 14.
Qd2 Be6 15. Bb3 a5 16. Nd4 Nxd4 17. Qxd4 Bxb3 18. cxb3 Re2 19. Rd2 Rae8 20.
Rhd1 R8e4 21. Qd3 Qe5 22. Rxe2 Rxe2 23. Rd2 Re1+ 24. Rd1 Qg5+ 25. Kb2 Rxd1 26.
Qxd1 Qxg2 27. Qe2 g6 28. Qe3 Qd5 29. h4 Kg7 30. a4 h5 31. f4 b6 32. c4 Qe6 33.
Qf3 Qf6+ 0-1

[Event "V Open Basso Veronese"]
[Site "Casaleone ITA"]
[Date "2012.05.??"]
[Round "1"]
[White "Adami, Antonio"]
[Black "Paler, Adrian"]
[Result "0-1"]
[WhiteElo "1717"]
[BlackElo "1901"]
[PlyCount "72"]
[EventDate "2012.05.19"]

1. e4 c5 2. Nc3 Nc6 3. g3 g6 4. Bg2 Bg7 5. d3 d6 6. Be3 e6 7. Qd2 Nd4 8. Nd1 h6
9. c3 Nc6 10. Ne2 Nge7 11. O-O b6 12. f4 Qc7 13. h3 f5 14. Nf2 Ba6 15. Rad1 Rd8
16. Qc2 O-O 17. g4 Kh7 18. Ng3 fxe4 19. Ngxe4 Nd5 20. Qc1 Nxe3 21. Qxe3 Rde8
22. Nh1 d5 23. Neg3 Bb7 24. Qd2 Qd6 25. Rde1 Bf6 26. f5 gxf5 27. gxf5 Be5 28.
Rf3 Bc8 29. Qf2 exf5 30. Nxf5 Bh2+ 31. Kf1 Rxe1+ 32. Kxe1 Qe5+ 33. Ne3 Bf4 34.
Qe2 Re8 35. Rxf4 Qxf4 36. Bxd5 Rxe3 0-1

[Event "V Open Basso Veronese"]
[Site "Casaleone ITA"]
[Date "2012.05.??"]
[Round "1"]
[White "Bozzi, Gianni"]
[Black "Spano, Alfredo"]
[Result "0-1"]
[WhiteElo "2190"]
[BlackElo "1821"]
[PlyCount "72"]
[EventDate "2012.05.19"]

1. c4 c6 2. g3 d5 3. Nf3 Nf6 4. Bg2 e6 5. O-O Nbd7 6. b3 Be7 7. Bb2 O-O 8. d3
Re8 9. Nbd2 Bf8 10. e4 dxe4 11. dxe4 e5 12. Re1 Qc7 13. Qc2 b6 14. Nf1 Bb7 15.
Ne3 Nc5 16. Nf1 Rad8 17. Re2 Nd3 18. Bc3 Bb4 19. Ne1 Nxe1 20. Raxe1 Bxc3 21.
Qxc3 Bc8 22. a4 Rd4 23. c5 Ba6 24. Rc2 b5 25. axb5 Bxb5 26. Ra2 a6 27. f3 Rd3
28. Qc2 Red8 29. Ne3 Qd7 30. Raa1 Qd4 31. Qf2 Rd2 32. Rad1 Rxf2 33. Rxd4 Rxg2+
34. Kxg2 exd4 35. Rd1 g6 36. e5 Nd5 0-1

[Event "V Open Basso Veronese"]
[Site "Casaleone ITA"]
[Date "2012.05.??"]
[Round "1"]
[White "Brunelli, Giovanni"]
[Black "Solinas, Roberto"]
[Result "1-0"]
[WhiteElo "1931"]
[BlackElo "1718"]
[PlyCount "51"]
[EventDate "2012.05.19"]

1. e4 g6 2. d4 Bg7 3. Nc3 c6 4. Bc4 e6 5. Nf3 d5 6. Be2 h5 7. Bg5 f6 8. Be3 g5
9. exd5 exd5 10. Qd3 Qe7 11. O-O-O b6 12. Rde1 Ba6 13. Qd2 Kf8 14. Bxa6 Nxa6
15. Bxg5 Qf7 16. Bf4 Bh6 17. Re2 Re8 18. Rhe1 Rxe2 19. Nxe2 Kg7 20. Ng3 Bxf4
21. Nf5+ Kg6 22. Qxf4 Qd7 23. N3h4+ Kf7 24. Qg3 Rh7 25. Nd6+ Kf8 26. Ng6+ 1-0

[Event "V Open Basso Veronese"]
[Site "Casaleone ITA"]
[Date "2012.05.??"]
[Round "1"]
[White "De Paoli, Emilio"]
[Black "Barbetta, Cosimo"]
[Result "1-0"]
[WhiteElo "1860"]
[BlackElo "1640"]
[PlyCount "61"]
[EventDate "2012.05.19"]

1. e4 c5 2. Nf3 a6 3. c3 Nc6 4. d4 cxd4 5. cxd4 d6 6. d5 Na7 7. Be2 g6 8. Be3
Bg7 9. Qd2 Nf6 10. Nc3 Nd7 11. h4 Ne5 12. Nxe5 dxe5 13. h5 Bd7 14. Bh6 O-O 15.
hxg6 f5 16. Bxg7 f4 17. Bxf8 Qxf8 18. gxh7+ Kh8 19. O-O-O Rc8 20. Kb1 Rc5 21.
g3 f3 22. Bd3 b5 23. b4 Rc8 24. Rc1 e6 25. a3 a5 26. Qg5 axb4 27. Qxe5+ Qg7 28.
Qxg7+ Kxg7 29. axb4 e5 30. Na2 Rxc1+ 31. Rxc1 1-0

[Event "V Open Basso Veronese"]
[Site "Casaleone ITA"]
[Date "2012.05.??"]
[Round "1"]
[White "Guerra, Alessandro"]
[Black "Tissino, Tiziano"]
[Result "1/2-1/2"]
[WhiteElo "2159"]
[BlackElo "1779"]
[PlyCount "81"]
[EventDate "2012.05.19"]

1. d4 Nf6 2. Bg5 d5 3. Nd2 Bf5 4. e3 Ne4 5. Nxe4 Bxe4 6. f3 Bg6 7. Bd3 c6 8.
Ne2 Nd7 9. O-O Qc7 10. e4 f6 11. Be3 e5 12. exd5 exd4 13. Nxd4 cxd5 14. Re1 Kf7
15. Nb5 Qc6 16. Nc3 Bb4 17. Bb5 Qd6 18. Qxd5+ Qxd5 19. Nxd5 Bxe1 20. Rxe1 Rhd8
21. Nc7 Rac8 22. Bc4+ Kf8 23. Ne6+ Ke7 24. Bc5+ Nxc5 25. Nxc5+ Kf8 26. Ne6+ Ke7
27. Nxd8+ Kxd8 28. Rd1+ Ke7 29. Rd4 Bxc2 30. Kf2 Rd8 31. Bd5 b6 32. Ke3 g5 33.
g3 Rd6 34. f4 a5 35. Rc4 Bf5 36. Rd4 h6 37. fxg5 fxg5 38. Bf3 Ke6 39. Be2 Ke5
40. Rxd6 Kxd6 41. Kd4 1/2-1/2

[Event "V Open Basso Veronese"]
[Site "Casaleone ITA"]
[Date "2012.05.??"]
[Round "1"]
[White "Magnabosco, Mauro Denis"]
[Black "Bertani, Gianfranco"]
[Result "0-1"]
[WhiteElo "1768"]
[BlackElo "2097"]
[PlyCount "48"]
[EventDate "2012.05.19"]

1. c4 f5 2. d3 Nf6 3. g3 e5 4. Bg2 Bc5 5. e3 O-O 6. Ne2 c6 7. O-O d6 8. Nbc3
Qe8 9. d4 Bb6 10. b4 Bc7 11. Ba3 Qh5 12. d5 Kh8 13. Nc1 Qh6 14. Nd3 e4 15. Nf4
Ng4 16. h3 Ne5 17. c5 Nc4 18. Bc1 Qf6 19. Qd4 Ne5 20. Bb2 Bd7 21. Rab1 Na6 22.
a4 Rad8 23. a5 Bc8 24. Qd1 Nxb4 0-1

[Event "V Open Basso Veronese"]
[Site "Casaleone ITA"]
[Date "2012.05.??"]
[Round "1"]
[White "Mulone, Gaspare"]
[Black "Marangoni, Simone"]
[Result "1-0"]
[WhiteElo "1595"]
[BlackElo "1859"]
[PlyCount "115"]
[EventDate "2012.05.19"]

1. e4 g6 2. d4 Bg7 3. Bc4 e6 4. Nc3 a6 5. Be3 b5 6. Bd3 Bb7 7. Nge2 Ne7 8. O-O
O-O 9. Qd2 Nbc6 10. a3 f5 11. e5 b4 12. Na4 bxa3 13. bxa3 Nd5 14. Bh6 Qh4 15.
Bxg7 Kxg7 16. Nc5 Bc8 17. c3 d6 18. exd6 cxd6 19. Nb3 f4 20. f3 Rb8 21. Rab1 e5
22. Be4 Ne3 23. Rf2 d5 24. Bd3 Qg5 25. Nec1 Re8 26. Nc5 Rxb1 27. Bxb1 exd4 28.
cxd4 Nc4 29. Qc3 Re3 30. Bd3 Qe7 31. Re2 Rxe2 32. Nxe2 Qe3+ 33. Kh1 N6a5 34.
Bxc4 Nxc4 35. Qxe3 fxe3 36. a4 a5 37. Nc3 Bf5 38. Kg1 Nb6 39. Kf1 Kf7 40. Ke2
Bc2 41. Kxe3 Ke7 42. Kf4 Kf6 43. Nb7 Ke6 44. Nxa5 Nxa4 45. Nxa4 Bxa4 46. Nb7
Bc2 47. Kg5 h5 48. h4 Bb1 49. g4 hxg4 50. fxg4 Bc2 51. h5 gxh5 52. gxh5 Bb1 53.
h6 Bh7 54. Nc5+ Kd6 55. Kf6 Bb1 56. Ne6 Bc2 57. Nf4 Be4 58. Ng6 1-0

[Event "V Open Basso Veronese"]
[Site "Casaleone ITA"]
[Date "2012.05.??"]
[Round "1"]
[White "Negro, Raffaele"]
[Black "Leone, Cataldo"]
[Result "1-0"]
[WhiteElo "1845"]
[BlackElo "1592"]
[PlyCount "97"]
[EventDate "2012.05.19"]

1. d4 d5 2. Bf4 Nf6 3. e3 e6 4. Nf3 c5 5. c3 Nc6 6. Nbd2 Bd6 7. Bg3 cxd4 8.
exd4 Qc7 9. Bd3 Bd7 10. O-O Bxg3 11. hxg3 O-O 12. Re1 Rfe8 13. Ne5 h6 14. Qf3
Nxe5 15. dxe5 Nh7 16. Qh5 Qd8 17. Nf3 Bc6 18. Rad1 Ng5 19. Nd4 Rc8 20. f4 Nh7
21. Bxh7+ Kxh7 22. Qxf7 Qc7 23. Qh5 g6 24. Qh3 Re7 25. g4 Qb6 26. g5 h5 27. g4
Kg7 28. gxh5 Rh8 29. h6+ Kh7 30. Qh2 Rf8 31. Rf1 Ref7 32. Rf2 Bd7 33. Qg3 a5
34. Re1 Qc5 35. Ree2 b5 36. f5 Rxf5 37. Nxf5 exf5 38. e6 f4 39. Qd3 Bc6 40. e7
Re8 41. Re6 Rg8 42. Kf1 Bd7 43. Re5 Bc6 44. Rxf4 b4 45. Rf7+ Kh8 46. Qd4 Bb5+
47. Ke1 Qxd4 48. cxd4 Be8 49. Rf8 1-0

[Event "V Open Basso Veronese"]
[Site "Casaleone ITA"]
[Date "2012.05.??"]
[Round "1"]
[White "Negro, Roberto"]
[Black "Brunelli, Flavio"]
[Result "1-0"]
[WhiteElo "2087"]
[BlackElo "1758"]
[PlyCount "85"]
[EventDate "2012.05.19"]

1. d4 d5 2. e3 e6 3. Nf3 Nf6 4. Bd3 c5 5. c3 Nc6 6. Nbd2 cxd4 7. exd4 Bd6 8.
O-O Qc7 9. Re1 Bd7 10. Qe2 O-O-O 11. Ne5 Rdf8 12. Nf1 h5 13. a4 Bxe5 14. dxe5
Ng4 15. f4 f6 16. exf6 Qb6+ 17. Be3 Nxe3 18. Qxe3 Qxe3+ 19. Nxe3 Rxf6 20. g3 h4
21. Ng4 hxg3 22. Nxf6 gxh2+ 23. Kg2 gxf6 24. Rh1 e5 25. fxe5 fxe5 26. Rxh2
Rxh2+ 27. Kxh2 e4 28. Bb5 Ne5 29. Kg3 Kc7 30. Kf2 Kd6 31. Bxd7 Nxd7 32. Rh1 a5
33. Rh6+ Kc5 34. Rh7 Kd6 35. Ke3 Kc6 36. Kd4 Nb6 37. Rh6+ Kc7 38. b3 Nc8 39.
Kxd5 e3 40. Re6 Kd7 41. Rxe3 b6 42. c4 Ne7+ 43. Rxe7+ 1-0

[Event "V Open Basso Veronese"]
[Site "Casaleone ITA"]
[Date "2012.05.??"]
[Round "1"]
[White "Rosina, Graziano"]
[Black "Molina, Fabrizio"]
[Result "0-1"]
[WhiteElo "1829"]
[BlackElo "2269"]
[PlyCount "72"]
[EventDate "2012.05.19"]

1. Nf3 d6 2. d4 Bg4 3. Nbd2 Nd7 4. h3 Bh5 5. e4 e5 6. c3 Ngf6 7. Bd3 Be7 8. O-O
O-O 9. Nc4 d5 10. dxe5 Nxe4 11. Ne3 Nxe5 12. Bxe4 dxe4 13. Qxd8 Nxf3+ 14. gxf3
Raxd8 15. fxe4 Bf3 16. Nf5 Bf6 17. Re1 Rfe8 18. Ng3 Be5 19. Nf5 Bf6 20. Ng3 Rd3
21. Bf4 Be5 22. Re3 Rxe3 23. Bxe3 Rd8 24. Re1 f6 25. Bxa7 b6 26. Re3 Rd1+ 27.
Nf1 Bh5 28. Kg2 Bf4 29. c4 Bxe3 30. Nxe3 Rd2 31. Bb8 c6 32. b4 Rxa2 33. Bc7 Rb2
34. Bxb6 Rxb4 35. Bc5 Ra4 36. Kg3 Be2 0-1

[Event "V Open Basso Veronese"]
[Site "Casaleone ITA"]
[Date "2012.05.??"]
[Round "1"]
[White "Scagliarini, Gennaro"]
[Black "Rizzati, Aldo"]
[Result "0-1"]
[WhiteElo "1726"]
[BlackElo "1931"]
[PlyCount "58"]
[EventDate "2012.05.19"]

1. d4 Nf6 2. c4 g6 3. Nc3 Bg7 4. e4 d6 5. Nf3 O-O 6. Be2 Nbd7 7. Be3 Ng4 8. Bc1
c5 9. dxc5 Nxc5 10. h3 Ne5 11. Nxe5 Bxe5 12. Bh6 Re8 13. Qc2 Bd7 14. f4 Bf6 15.
O-O-O Qa5 16. Bf3 Rac8 17. Bg4 Be6 18. Bxe6 Nxe6 19. Rd5 Qc7 20. b3 Nc5 21. f5
Qa5 22. Nb5 a6 23. Nd4 Qa3+ 24. Kb1 e6 25. fxe6 fxe6 26. Bc1 Qb4 27. Rxd6 Nxb3
28. Rxe6 Nxd4+ 29. Qb2 Qxb2+ 0-1

[Event "V Open Basso Veronese"]
[Site "Casaleone ITA"]
[Date "2012.05.??"]
[Round "1"]
[White "Sprea, Giuseppe"]
[Black "Macalello, Angelo"]
[Result "1-0"]
[WhiteElo "1955"]
[BlackElo "1737"]
[PlyCount "71"]
[EventDate "2012.05.19"]

1. d4 d5 2. c4 e6 3. Nf3 Nf6 4. g3 Be7 5. Bg2 Nbd7 6. O-O O-O 7. Qc2 c6 8. Nbd2
b6 9. b3 Bb7 10. Bb2 Rc8 11. Rad1 Qc7 12. Rfe1 Rfe8 13. Ne5 c5 14. cxd5 exd5
15. Nxd7 Qxd7 16. dxc5 Bxc5 17. Qb1 Bxf2+ 18. Kxf2 Ng4+ 19. Kg1 Ne3 20. Nf3
Nxg2 21. Kxg2 d4 22. Rd2 Qg4 23. Qd1 d3 24. Rxd3 Qf5 25. Kg1 Be4 26. Rd4 Bb7
27. e4 Qc5 28. Kh1 Qh5 29. Kg2 g5 30. Qd2 g4 31. Nh4 Qc5 32. Qc1 Qe7 33. Qd2
Rcd8 34. Qf4 Qe6 35. Rxd8 Rxd8 36. Qg5+ 1-0

[Event "V Open Basso Veronese"]
[Site "Casaleone ITA"]
[Date "2012.05.??"]
[Round "1"]
[White "Zanchetta, Nicola"]
[Black "Pisani, Valerio"]
[Result "1-0"]
[WhiteElo "1887"]
[BlackElo "1681"]
[PlyCount "61"]
[EventDate "2012.05.19"]

1. e4 e6 2. d4 d5 3. e5 c5 4. c3 Nc6 5. Nf3 Nge7 6. a3 Nf5 7. Bd3 cxd4 8. Bxf5
exf5 9. cxd4 Be6 10. O-O Be7 11. Qb3 Rb8 12. Nc3 O-O 13. Ne2 g5 14. Qd3 g4 15.
Ne1 Kh8 16. Ng3 f6 17. exf6 Bxf6 18. Nc2 Bg5 19. Re1 Bd7 20. f4 Bh4 21. Bd2 Qf6
22. Bc3 Qd6 23. Qd2 Rfe8 24. Nb4 Bxg3 25. hxg3 Re4 26. Nd3 Nxd4 27. Rxe4 fxe4
28. Nf2 Kg8 29. Qxd4 Kf7 30. Nxe4 Qb6 31. Nc5 1-0

[Event "V Open Basso Veronese"]
[Site "Casaleone ITA"]
[Date "2012.05.??"]
[Round "1"]
[White "Zonta, Riccardo"]
[Black "Bonini, Roberto"]
[Result "0-1"]
[WhiteElo "1654"]
[BlackElo "1877"]
[PlyCount "116"]
[EventDate "2012.05.19"]

1. e4 c5 2. b3 Nc6 3. Bb2 d6 4. Nf3 Nf6 5. Nc3 e6 6. Bb5 Bd7 7. O-O Be7 8. Re1
O-O 9. d4 cxd4 10. Nxd4 Rc8 11. Nf3 a6 12. Bd3 Qc7 13. a3 Rfd8 14. Ne2 Ng4 15.
Ng3 Bf6 16. Bxf6 Nxf6 17. Qc1 h6 18. Qb2 b5 19. Rad1 Qb6 20. h3 Be8 21. e5 dxe5
22. Nxe5 Nxe5 23. Rxe5 Bc6 24. Ree1 Qb7 25. f3 Qc7 26. Qe5 Qb6+ 27. Qe3 Qa5 28.
Qc1 Qc7 29. Kf2 Bd5 30. c4 Qc5+ 31. Kf1 bxc4 32. bxc4 Bxc4 33. Bxc4 Rxd1 34.
Rxd1 Qxc4+ 35. Qxc4 Rxc4 36. Rd8+ Kh7 37. Ra8 Ra4 38. Ne2 Nd5 39. Ra7 Kg6 40.
Ke1 Rxa3 41. Kf2 Ra2 42. g3 Nc3 43. Rxa6 Rxe2+ 44. Kf1 Ra2 45. Rc6 Nd1 46. f4
Ne3+ 47. Ke1 h5 48. Rc5 f5 49. Re5 Nc2+ 50. Kd2 Nd4+ 51. Kd3 Ra4 52. g4 hxg4
53. hxg4 fxg4 54. Rg5+ Kf6 55. Rxg4 Nf5 56. Ke2 Ra3 57. Kf2 Ke7 58. Ke2 Rg3 0-1

[Event "V Open Basso Veronese"]
[Site "Casaleone ITA"]
[Date "2012.05.??"]
[Round "2"]
[White "Barbetta, Cosimo"]
[Black "Adami, Alessandro"]
[Result "0-1"]
[WhiteElo "1640"]
[BlackElo "1741"]
[PlyCount "52"]
[EventDate "2012.05.19"]

1. e4 c5 2. c3 b6 3. Be2 Bb7 4. Bf3 Qc7 5. Ne2 Nf6 6. d3 e6 7. g3 d5 8. O-O
dxe4 9. dxe4 Bxe4 10. Bxe4 Nxe4 11. Qa4+ Qc6 12. Qc2 Bd6 13. Be3 Nd7 14. Nd2
Nxd2 15. Qxd2 Ne5 16. f4 Nf3+ 17. Rxf3 Qxf3 18. Rf1 Qc6 19. f5 exf5 20. Rxf5 f6
21. Nf4 Bxf4 22. Bxf4 Rd8 23. Qe2+ Kf7 24. Qc2 Rhe8 25. Bd2 Re2 26. Qb3+ c4 0-1

[Event "V Open Basso Veronese"]
[Site "Casaleone ITA"]
[Date "2012.05.??"]
[Round "2"]
[White "Bertani, Gianfranco"]
[Black "Negro, Raffaele"]
[Result "1-0"]
[WhiteElo "2097"]
[BlackElo "1845"]
[PlyCount "139"]
[EventDate "2012.05.19"]

1. d4 d5 2. Bf4 Nc6 3. e3 Nf6 4. c3 Bf5 5. h3 e6 6. Nf3 Bd6 7. Bb5 a6 8. Bxc6+
bxc6 9. Ne5 Bxe5 10. Bxe5 Ne4 11. Qa4 Qd7 12. O-O O-O 13. f3 Nd6 14. Nd2 Rfb8
15. b4 a5 16. bxa5 Bd3 17. Rf2 Bb5 18. Qc2 Rxa5 19. a4 Bc4 20. e4 f6 21. Bxd6
cxd6 22. Nxc4 dxc4 23. Qa2 d5 24. Rb2 Rxb2 25. Qxb2 Qa7 26. Qb4 Kf7 27. Kh2 c5
28. dxc5 Qxc5 29. Qxc5 Rxc5 30. exd5 exd5 31. Kg3 Ra5 32. Kf4 Ke6 33. Ke3 Ke5
34. f4+ Kf5 35. g4+ Ke6 36. Kd4 g6 37. h4 h6 38. Ra2 Kf7 39. f5 h5 40. gxh5
gxh5 41. Rb2 Rxa4 42. Kxd5 Ra5+ 43. Ke4 Re5+ 44. Kf4 Re1 45. Rb7+ Kg8 46. Rc7
Rf1+ 47. Ke4 Rh1 48. Kd5 Rxh4 49. Ke6 Re4+ 50. Kxf6 h4 51. Rc8+ Kh7 52. Kg5 h3
53. Rc6 Kg8 54. Rg6+ Kf7 55. Rh6 Re3 56. f6 Rg3+ 57. Kf5 Rf3+ 58. Ke5 Rxc3 59.
Rh7+ Kg6 60. Rg7+ Kh6 61. Rg4 Kh5 62. f7 Rf3 63. Rf4 Re3+ 64. Kf6 Rg3 65. f8=Q
Rg6+ 66. Ke5 c3 67. Qh8+ Rh6 68. Rf5+ Kg4 69. Qxh6 c2 70. Qf4# 1-0

[Event "V Open Basso Veronese"]
[Site "Casaleone ITA"]
[Date "2012.05.??"]
[Round "2"]
[White "Bonini, Roberto"]
[Black "Brunelli, Giovanni"]
[Result "0-1"]
[WhiteElo "1877"]
[BlackElo "1931"]
[PlyCount "54"]
[EventDate "2012.05.19"]

1. e4 e6 2. d4 d5 3. Nc3 Bb4 4. e5 c5 5. a3 Bxc3+ 6. bxc3 Ne7 7. a4 Nbc6 8. Ba3
Qa5 9. Qd2 cxd4 10. Bb4 dxc3 11. Bxc3 Qc5 12. Nf3 Nf5 13. g4 Nfe7 14. Rb1 Ng6
15. Rb5 Qe7 16. h4 h5 17. g5 O-O 18. Be2 Rd8 19. Bd4 b6 20. Rb2 Bb7 21. Qe3 Na5
22. Nd2 Nc4 23. Nxc4 dxc4 24. Rh2 Qd7 25. Bc3 Qxa4 26. Rb4 Qxc2 27. Bxh5 Rd3
0-1

[Event "V Open Basso Veronese"]
[Site "Casaleone ITA"]
[Date "2012.05.??"]
[Round "2"]
[White "Brunelli, Flavio"]
[Black "Zonta, Riccardo"]
[Result "1-0"]
[WhiteElo "1758"]
[BlackElo "1654"]
[PlyCount "59"]
[EventDate "2012.05.19"]

1. e4 d5 2. exd5 Qxd5 3. Nc3 Qd6 4. d4 Nf6 5. Nf3 a6 6. Be2 Bf5 7. Nh4 e6 8.
Nxf5 exf5 9. Bf3 Nc6 10. Ne2 g6 11. Bf4 Qd7 12. O-O Bg7 13. c3 O-O 14. Qb3 Rab8
15. Rad1 b5 16. Qa3 Rb6 17. d5 Nb8 18. Qc5 Rc8 19. d6 Bf8 20. Qd4 Ne8 21. dxc7
Qxd4 22. cxb8=Q Rbxb8 23. Rxd4 Rb6 24. Rd7 Bg7 25. Bb7 Rc4 26. Rd8 Kf8 27. Bd5
Ra4 28. Be3 Rd6 29. Bc5 Ke7 30. Rxe8+ 1-0

[Event "V Open Basso Veronese"]
[Site "Casaleone ITA"]
[Date "2012.05.??"]
[Round "2"]
[White "Faccia, Sergio"]
[Black "Mulone, Gaspare"]
[Result "1-0"]
[WhiteElo "2024"]
[BlackElo "1595"]
[PlyCount "47"]
[EventDate "2012.05.19"]

1. e4 e6 2. c4 c5 3. Nf3 Nc6 4. Be2 Nd4 5. d3 Nxe2 6. Qxe2 d6 7. d4 b6 8. O-O
Bb7 9. Nc3 Be7 10. dxc5 bxc5 11. Rd1 Qc7 12. e5 dxe5 13. Nxe5 Nf6 14. Nb5 Qb6
15. Bg5 a6 16. Nc3 Rd8 17. Rxd8+ Bxd8 18. Rd1 Qc7 19. Nd5 Bxd5 20. cxd5 Nxd5
21. Rxd5 Bxg5 22. Rd7 Qc8 23. Qh5 O-O 24. Qxg5 1-0

[Event "V Open Basso Veronese"]
[Site "Casaleone ITA"]
[Date "2012.05.??"]
[Round "2"]
[White "Macalello, Angelo"]
[Black "Bozzi, Gianni"]
[Result "0-1"]
[WhiteElo "1737"]
[BlackElo "2190"]
[PlyCount "74"]
[EventDate "2012.05.19"]

1. e4 c5 2. c4 Nc6 3. g3 g6 4. Bg2 Bg7 5. Nc3 d6 6. d3 Nf6 7. h3 e5 8. Nge2 O-O
9. O-O Be6 10. Be3 Nd4 11. Kh2 Qd7 12. f4 Ne8 13. fxe5 dxe5 14. Qd2 Rb8 15. Rf2
Nd6 16. Nd5 f5 17. Raf1 fxe4 18. Nxd4 Rxf2 19. Qxf2 exd4 20. Bxd4 Bxd4 21. Nf6+
Bxf6 22. Qxf6 Re8 23. dxe4 Nxc4 24. Qf2 Qd4 25. b3 Qxf2 26. Rxf2 Ne5 27. Rd2 b6
28. g4 Kf7 29. g5 Ke7 30. Kg3 Rd8 31. Rf2 b5 32. Bf1 c4 33. bxc4 bxc4 34. Rc2
Rf8 35. Be2 Kd6 36. h4 Kc5 37. h5 Kd4 0-1

[Event "V Open Basso Veronese"]
[Site "Casaleone ITA"]
[Date "2012.05.??"]
[Round "2"]
[White "Marangoni, Simone"]
[Black "Adami, Antonio"]
[Result "1-0"]
[WhiteElo "1859"]
[BlackElo "1717"]
[PlyCount "119"]
[EventDate "2012.05.19"]

1. c4 f5 2. Nc3 Nf6 3. d4 g6 4. g3 Bg7 5. Bg2 O-O 6. Nf3 d6 7. O-O Qe8 8. Bf4
c6 9. Qb3 Kh8 10. Rad1 Nbd7 11. d5 Nc5 12. Qc2 Bd7 13. dxc6 bxc6 14. b4 Nce4
15. Nxe4 Nxe4 16. Ne1 Nf6 17. Qb3 h6 18. Be3 Ng4 19. Bc1 g5 20. f4 gxf4 21.
Bxf4 Qh5 22. h3 Ne5 23. Nf3 Nxf3+ 24. exf3 Qg6 25. Kh2 e5 26. Bc1 f4 27. g4 Rf6
28. Qd3 Qg5 29. Bd2 h5 30. Qe2 hxg4 31. fxg4 Rh6 32. Kg1 Rf8 33. Qf3 Re6 34.
Qe4 Qd8 35. a3 Rh6 36. Qf3 Bf6 37. Bc3 Bg5 38. c5 Qe7 39. Rfe1 Re8 40. cxd6 Qg7
41. Qe4 Rhe6 42. Qc4 Qh7 43. Qe4 Qh6 44. Bf1 Bh4 45. Re2 Bg3 46. Qf3 Qg7 47.
Qe4 Qf6 48. Bg2 Kg8 49. Qc4 Kf8 50. Qe4 Rxd6 51. Rxd6 Qxd6 52. Rd2 Qe6 53. Qh7
Re7 54. Qh8+ Kf7 55. Be4 Qf6 56. Qh5+ Kf8 57. g5 Qg7 58. Qh6 Qxh6 59. gxh6 Bxh3
60. h7 1-0

[Event "V Open Basso Veronese"]
[Site "Casaleone ITA"]
[Date "2012.05.??"]
[Round "2"]
[White "Molina, Fabrizio"]
[Black "Zanchetta, Nicola"]
[Result "1-0"]
[WhiteElo "2269"]
[BlackElo "1887"]
[PlyCount "53"]
[EventDate "2012.05.19"]

1. d4 d5 2. c4 e6 3. Nc3 Nf6 4. cxd5 exd5 5. Bg5 Nbd7 6. e3 c6 7. Bd3 Be7 8.
Qc2 h6 9. Bh4 O-O 10. Nge2 Re8 11. O-O Ne4 12. Bxe7 Qxe7 13. Rae1 f5 14. f3 Nd6
15. Ng3 f4 16. exf4 Qxe1 17. Rxe1 Rxe1+ 18. Kf2 Re7 19. Nce2 Kf8 20. f5 Ke8 21.
Nf4 Nf6 22. Ng6 Rd7 23. Ne2 Nf7 24. Nef4 Rc7 25. Qc5 Nh7 26. f6 gxf6 27. Nxd5
1-0

[Event "V Open Basso Veronese"]
[Site "Casaleone ITA"]
[Date "2012.05.??"]
[Round "2"]
[White "Paler, Adrian"]
[Black "Negro, Roberto"]
[Result "0-1"]
[WhiteElo "1901"]
[BlackElo "2087"]
[PlyCount "38"]
[EventDate "2012.05.19"]

1. e4 g6 2. d4 Bg7 3. f4 c5 4. c3 cxd4 5. cxd4 Qb6 6. Nf3 Nc6 7. e5 d6 8. d5
Nb4 9. a3 Na6 10. Nc3 Bd7 11. Qe2 Nh6 12. Be3 Qa5 13. Bd2 O-O 14. h3 Nf5 15.
Qf2 dxe5 16. Nxe5 Qc7 17. Be2 Nc5 18. Nxd7 Nxd7 19. O-O Bd4 0-1

[Event "V Open Basso Veronese"]
[Site "Casaleone ITA"]
[Date "2012.05.??"]
[Round "2"]
[White "Pisani, Valerio"]
[Black "Magnabosco, Mauro Denis"]
[Result "1-0"]
[WhiteElo "1681"]
[BlackElo "1768"]
[PlyCount "90"]
[EventDate "2012.05.19"]

1. Nc3 Nf6 2. e4 d6 3. d4 e6 4. Nf3 Nbd7 5. Bd3 c6 6. O-O e5 7. Re1 Be7 8. Ne2
O-O 9. Ng3 Re8 10. Nf5 Bf8 11. Bg5 Nb6 12. a4 a5 13. Bh4 h6 14. Bg3 Bxf5 15.
exf5 e4 16. Bh4 exf3 17. Rxe8 Qxe8 18. Bxf6 gxf6 19. Qxf3 Bg7 20. Kf1 Qd7 21.
Qg4 Re8 22. Ra3 Qe7 23. Be2 Qe4 24. Re3 d5 25. Rxe4 Rxe4 26. Qg3 Re7 27. b3 Kh7
28. Qc3 Bf8 29. Qxa5 Nd7 30. Qd8 Kg7 31. a5 c5 32. Bb5 cxd4 33. Bxd7 Re5 34.
Qb6 Ba3 35. Qxd4 Kf8 36. Bc8 Re7 37. Qxd5 Bb4 38. g3 Re5 39. Qxb7 Bxa5 40. Qc6
Bb4 41. Qxf6 Bc3 42. Qxh6+ Ke7 43. Qg5+ f6 44. Qg7+ Ke8 45. Be6 Rxe6 1-0

[Event "V Open Basso Veronese"]
[Site "Casaleone ITA"]
[Date "2012.05.??"]
[Round "2"]
[White "Rizzati, Aldo"]
[Black "Kurylovich, Alena"]
[Result "1-0"]
[WhiteElo "1931"]
[BlackElo "1491"]
[PlyCount "58"]
[EventDate "2012.05.19"]

1. e4 c6 2. d4 d5 3. Nc3 e6 4. a3 Ne7 5. Nf3 Ng6 6. Bd3 c5 7. dxc5 Bxc5 8. exd5
exd5 9. Bxg6 hxg6 10. Qxd5 Qe7+ 11. Qe4 Bf5 12. Qxe7+ Bxe7 13. Nd5 Bd6 14. O-O
O-O 15. Nd4 Nc6 16. Nxf5 gxf5 17. Be3 Rad8 18. Rfd1 g6 19. Bg5 Kg7 20. Bf6+ Kh6
21. Rd3 g5 22. Bxd8 Rxd8 23. Ne3 Kg6 24. Rad1 Be7 25. Rxd8 Nxd8 26. Rd7 Nc6 27.
Rxb7 Bc5 28. Rc7 Bxe3 29. Rxc6+ f6 1-0

[Event "V Open Basso Veronese"]
[Site "Casaleone ITA"]
[Date "2012.05.??"]
[Round "2"]
[White "Rosina, Graziano"]
[Black "Scagliarini, Gennaro"]
[Result "0-1"]
[WhiteElo "1829"]
[BlackElo "1726"]
[PlyCount "134"]
[EventDate "2012.05.19"]

1. Nf3 Nf6 2. c4 e6 3. Nc3 b6 4. g3 Bb7 5. Bg2 Be7 6. O-O Nc6 7. d4 d5 8. b3
O-O 9. Bb2 Re8 10. Rc1 Bf8 11. e3 Rb8 12. Re1 Ne7 13. Qc2 Ng6 14. cxd5 exd5 15.
Qf5 Bb4 16. Qd3 c6 17. Re2 Bxc3 18. Bxc3 h5 19. h4 Qc8 20. Bb4 Ba6 21. Qc2 Bxe2
22. Qxe2 Qb7 23. Bh3 Ne4 24. Ng5 c5 25. Nxe4 dxe4 26. dxc5 bxc5 27. Bxc5 Ne5
28. Qxh5 Qa6 29. Kg2 Nd3 30. Rc3 Qxa2 31. Qf5 Ne1+ 32. Kf1 Qa1 33. Ke2 Qxc3 34.
Bd4 Qd3+ 35. Kxe1 Rbc8 36. Qxc8 Rxc8 37. Bxc8 Qb1+ 38. Kd2 Qxb3 39. Bf5 Qd5 40.
Bg4 a5 41. Be2 a4 42. Kc3 Qb3+ 43. Kd2 a3 44. Kc1 Qa2 45. Kd1 Qb1+ 46. Kd2 a2
47. g4 a1=Q 48. Bxa1 Qxa1 49. f3 Qb2+ 50. Ke1 exf3 51. Bxf3 g6 52. h5 gxh5 53.
gxh5 Kg7 54. Be2 Qe5 55. Kf2 Kh6 56. Bf3 f5 57. Be2 Kg5 58. Bf3 Kh4 59. Bd1
Qb2+ 60. Be2 Kg5 61. Ke1 Qc1+ 62. Kf2 Qh1 63. Bf3 Qh2+ 64. Ke1 Qe5 65. Kd2 f4
66. exf4+ Kxf4 67. Be2 Qd4+ 0-1

[Event "V Open Basso Veronese"]
[Site "Casaleone ITA"]
[Date "2012.05.??"]
[Round "2"]
[White "Solinas, Roberto"]
[Black "Fiscato, Claudio"]
[Result "0-1"]
[WhiteElo "1718"]
[BlackElo "1810"]
[PlyCount "98"]
[EventDate "2012.05.19"]

1. d4 d5 2. c4 c6 3. cxd5 cxd5 4. Nc3 Nf6 5. Bg5 e6 6. e3 a6 7. Bd3 Nbd7 8.
Nge2 Bd6 9. O-O Bxh2+ 10. Kxh2 Ng4+ 11. Kg1 Qxg5 12. Nf4 Ngf6 13. Qf3 O-O 14.
Rac1 Nb6 15. Nh3 Qg4 16. Qf4 Qxf4 17. Nxf4 Bd7 18. f3 Rac8 19. b3 Rc7 20. g4 h6
21. Nce2 Rfc8 22. Rxc7 Rxc7 23. Rc1 Rxc1+ 24. Nxc1 Bc6 25. Nfe2 Nbd7 26. a4 e5
27. Bc2 e4 28. fxe4 dxe4 29. Ng3 Nxg4 30. Bxe4 Bxe4 31. Nxe4 Nxe3 32. Nd6 b6
33. Kf2 Nd5 34. Nd3 a5 35. Kf3 Kf8 36. Ke4 N5f6+ 37. Kf3 g6 38. Ne5 Nxe5+ 39.
dxe5 Nd7 40. Ke4 h5 41. Kd5 h4 42. Kc6 Ke7 43. Ne4 h3 44. e6 fxe6 45. Kb5 h2
46. Ng3 Kd6 47. b4 axb4 48. Kxb4 Ke5 49. Kc4 Kf4 0-1